01008pab a2200133 454500008004000000100002200040245007500062260000900137300001200146362000800158520065600166650001400822773003800836180718b1999 xxu||||| |||| 00| 0 eng d aNotturno, Mark A. aPopper's critique of scientific socialism or Carnap and his co-workers c1999 ap.32-61 aMar aKarl Popper is widely regarded as the twentieth century's greatest critic of Marxism. This article, based upon his 1942-47 correspondence with Dudolf Carnap, shows that Popper's critique of scientific socialism had less to do with Marx's social goals than with the attitudes that Marxists adopted toward their means of achieving them. It also reveals how Carnap, who tried to keep his politics separate from his epistemology, managed to mix the two when refusing to give Popper his wholehearted support in finding both a publisher for The Open Society and its Enemies and a position that would give him greater opportunities for research. - Reproduced aSocialism aPhilosophy of the Social Sciences